LEADER 01259nam--2200397---450- 001 990000787470203316 005 20050705135905.0 010 $a0-521-33254-0 035 $a0078747 035 $aUSA010078747 035 $a(ALEPH)000078747USA01 035 $a0078747 100 $a20011204d1993----km-y0itay0103----ba 101 $aeng 102 $aGB 105 $a||||||||001yy 200 1 $aVictorian discourses on sexuality and religion$fJohn Maynard 210 $aCambridge$cCambridge University press$d1993 215 $aXII, 394 p$c19 p di tav., ill.$d24 cm 410 $12001 606 0 $aReligione nella letteratura inglese$zSec. 19. 606 0 $aSesso nella letteratura inglese$zSec. 19. 606 0 $aSesso$xAspetti religiosi$yInghilterra$zSec. 19. 676 $a820.9382 700 1$aMAYNARD,$bJohn$0403286 801 0$aIT$bsalbc$gISBD 912 $a990000787470203316 951 $aVII.3.B. 283(II i B 1695)$b125078 LM$cII i B 959 $aBK 969 $aUMA 979 $aPATTY$b90$c20011204$lUSA01$h1642 979 $c20020403$lUSA01$h1725 979 $aPATRY$b90$c20040406$lUSA01$h1654 979 $aCOPAT5$b90$c20050705$lUSA01$h1359 996 $aVictorian discourses on sexuality and religion$9965577 997 $aUNISA LEADER 02340oam 2200589 c 450 001 9910999661703321 005 20260302090207.0 010 $a3-7815-6167-4 024 3 $a9783781561670 035 $a(CKB)38730305400041 035 $a(Verlag Julius Klinkhardt)9783781561670 035 $a(EXLCZ)9938730305400041 100 $a20260302d2025 uy 0 101 0 $aeng 135 $aur||||||||||| 181 $ctxt$2rdacontent 182 $cc$2rdamedia 183 $acr$2rdacarrier 200 00$aBildung für alle stärken ? Improve Education for All$eEin Handbuch für die evidenzbasierte Entwicklung inklusiver Schulen - A Handbook for Evidence-Based Development of Inclusive Schools$fMinna Törmänen, Monika T. Wicki 205 $a1st ed. 210 $aBad Heilbrunn$cVerlag Julius Klinkhardt$d2025 215 $a1 online resource (288 p.) 311 08$a3-7815-2707-7 330 $aDieses Handbuch bringt aktuelle internationale Forschungsergebnisse der Unterrichts-, Schul- und Systementwicklung zusammen und bietet Lehrpersonen, Schulleitenden und Schulbehörden Instrumente, um ihre inklusionsorientierte Praxis evidenzbasiert weiterzuentwickeln. This handbook brings together international research findings and approaches on school development at various levels and provides tools for teachers, school leaders and educational authorities to further develop evidence-based practices of inclusion, diversity and equity. 606 $aSchulentwicklung 606 $aUnterrichtsentwicklung 606 $aInklusion 606 $aGovernance 606 $aEvidenz 606 $aSchool development 606 $ateaching development 606 $ainclusion 606 $aevidence 606 $agovernance 615 4$aSchulentwicklung 615 4$aUnterrichtsentwicklung 615 4$aInklusion 615 4$aGovernance 615 4$aEvidenz 615 4$aSchool development 615 4$ateaching development 615 4$ainclusion 615 4$aevidence 615 4$agovernance 702 $aTörmänen$b Minna$4edt 702 $aWicki$b Monika T$4edt 801 0$bVerlag Julius Klinkhardt 801 1$bVerlag Julius Klinkhardt 906 $aBOOK 912 $a9910999661703321 996 $aBildung für alle stärken = Improve Education for All$94378191 997 $aUNINA